[Event "Olimpiada Dresden 2008 Femenina"]
[Site "Dresden GER"]
[Date "2008.11.23"]
[Round "10.30"]
[White "Gozel, Atabayeva"]
[Black "Kristinardottir, Elsa Maria"]
[Result "1/2-1/2"]
[WhiteElo "2020"]
[BlackElo "1776"]
[PlyCount "66"]
[EventDate "2008.11.13"]
[EventType "team-swiss"]
[EventRounds "11"]
[EventCountry "GER"]
[Source "lmi"]
[SourceDate "2008.11.13"]
[WhiteTeam "Turkmenistán"]
[BlackTeam "Islandia"]
[WhiteTeamCountry "TKM"]
[BlackTeamCountry "ISL"]

1. e4 c6 2. d4 d5 3. Nc3 dxe4 4. Nxe4 Bf5 5. Ng3 Bg6 6. Nf3 Nd7 7. h4 h6 8. Bd3
Bxd3 9. Qxd3 Ngf6 10. Bd2 e6 11. O-O-O Be7 12. Ne4 Nxe4 13. Qxe4 Nf6 14. Qe2
O-O 15. Rdg1 c5 16. dxc5 Bxc5 17. g4 Qd5 18. Kb1 Qe4 19. Qxe4 Nxe4 20. Be3 Bxe3
21. fxe3 Rad8 22. Kc1 Rd5 23. g5 hxg5 24. hxg5 Rfd8 25. Rh2 Kf8 26. Rh8+ Ke7
27. Rxd8 Kxd8 28. g6 f5 29. Rh1 Ke7 30. Rh8 Kf6 31. Rb8 Kxg6 32. Rxb7 a5 33.
Nd4 Kf6 1/2-1/2

[Event "Olimpiada Dresden 2008 Femenina"]
[Site "Dresden GER"]
[Date "2008.11.23"]
[Round "10.31"]
[White "Schoene, Maria"]
[Black "Fredericia, Louise"]
[Result "1-0"]
[WhiteElo "2198"]
[BlackElo "2095"]
[PlyCount "131"]
[EventDate "2008.11.13"]
[EventType "team-swiss"]
[EventRounds "11"]
[EventCountry "GER"]
[Source "lmi"]
[SourceDate "2008.11.13"]
[WhiteTeam "Alemania"]
[BlackTeam "Dinamarca"]
[WhiteTeamCountry "GER"]
[BlackTeamCountry "DEN"]

1. e4 e5 2. Nf3 Nf6 3. Nxe5 d6 4. Nf3 Nxe4 5. d4 Be7 6. Bd3 Ng5 7. h3 O-O 8.
O-O Nxf3+ 9. Qxf3 Bf6 10. c3 Re8 11. Bf4 Bg5 12. Nd2 d5 13. Rfe1 Be6 14. Re3
Nd7 15. Rae1 Nf8 16. Qg3 Bxf4 17. Qxf4 Bd7 18. Rxe8 Bxe8 19. Nf3 f6 20. Nh4 Bg6
21. Nxg6 hxg6 22. Qe3 Kf7 23. c4 Qd7 24. cxd5 Re8 25. Qxe8+ Qxe8 26. Rxe8 Kxe8
27. f4 Kd7 28. Kf2 Kd6 29. Ke3 Kxd5 30. Be4+ Kc4 31. Bxb7 Ne6 32. d5 Nc5 33.
Bc6 f5 34. Be8 Kxd5 35. Bxg6 Ke6 36. Kd4 Ne4 37. g4 c5+ 38. Ke3 Nd6 39. Bxf5+
Nxf5+ 40. gxf5+ Kxf5 41. Kf3 c4 42. h4 g6 43. Kg3 Ke4 44. Kg4 Kd3 45. f5 gxf5+
46. Kxf5 Kc2 47. h5 Kxb2 48. h6 c3 49. h7 c2 50. h8=Q+ Kxa2 51. Qc3 Kb1 52.
Qb3+ Kc1 53. Ke4 Kd2 54. Qe3+ Kd1 55. Kd3 c1=N+ 56. Kc3 Ne2+ 57. Kb2 a5 58. Qc5
a4 59. Qc2+ Ke1 60. Qxa4 Kf2 61. Kc2 Ng3 62. Qf4+ Kg2 63. Kd2 Kh2 64. Ke3 Kg2
65. Qg4 Kf1 66. Qf3+ 1-0

[Event "Olimpiada Dresden 2008 Femenina"]
[Site "Dresden GER"]
[Date "2008.11.23"]
[Round "10.31"]
[White "Treppendahl, Trine"]
[Black "Mader, Manuela"]
[Result "0-1"]
[WhiteElo "2049"]
[BlackElo "2132"]
[PlyCount "76"]
[EventDate "2008.11.13"]
[EventType "team-swiss"]
[EventRounds "11"]
[EventCountry "GER"]
[Source "lmi"]
[SourceDate "2008.11.13"]
[WhiteTeam "Dinamarca"]
[BlackTeam "Alemania"]
[WhiteTeamCountry "DEN"]
[BlackTeamCountry "GER"]

1. d4 Nf6 2. Nf3 g6 3. Bf4 Bg7 4. e3 d6 5. h3 O-O 6. Be2 Nfd7 7. c4 e5 8. Bh2
Nc6 9. Nc3 h6 10. Rc1 Kh8 11. a3 f5 12. Nd5 Ne7 13. dxe5 dxe5 14. b4 g5 15. Qc2
a5 16. g4 axb4 17. axb4 c6 18. Nxe7 Qxe7 19. gxf5 e4 20. Nd4 Qxb4+ 21. Kf1 Qe7
22. Ne6 Rxf5 23. Nxg7 Kxg7 24. Bg3 Rfa5 25. h4 Nf6 26. hxg5 hxg5 27. Qc3 Bf5
28. Kg2 Qe6 29. c5 Bg4 30. Bc4 Bf3+ 31. Kg1 Qf5 32. Rh2 Rxc5 33. Bd6 Qg4+ 34.
Kf1 Be2+ 35. Bxe2 Rxc3 36. Bxg4 Rxc1+ 37. Kg2 Nxg4 38. Rh5 Kg6 0-1

[Event "Olimpiada Dresden 2008 Femenina"]
[Site "Dresden GER"]
[Date "2008.11.23"]
[Round "10.31"]
[White "Klek, Hanna-Marie"]
[Black "Frank-Nielsen, Marie"]
[Result "0-1"]
[WhiteElo "2004"]
[BlackElo "1971"]
[PlyCount "104"]
[EventDate "2008.11.13"]
[EventType "team-swiss"]
[EventRounds "11"]
[EventCountry "GER"]
[Source "lmi"]
[SourceDate "2008.11.13"]
[WhiteTeam "Alemania"]
[BlackTeam "Dinamarca"]
[WhiteTeamCountry "GER"]
[BlackTeamCountry "DEN"]

1. e4 c5 2. Nf3 Nc6 3. d4 cxd4 4. Nxd4 Nf6 5. Nc3 e6 6. Ndb5 Bb4 7. a3 Bxc3+ 8.
Nxc3 d5 9. exd5 exd5 10. Bd3 O-O 11. O-O h6 12. Bf4 a6 13. h3 Re8 14. Re1 Rxe1+
15. Qxe1 Be6 16. Qd2 Qf8 17. Rd1 Rd8 18. Qe1 Qe7 19. Ne2 Re8 20. Ng3 Qf8 21.
Qf1 Nd7 22. Re1 Nc5 23. Bf5 Qe7 24. Bg4 Qd7 25. Bf3 Nd4 26. Bd1 Nf5 27. Nxf5
Bxf5 28. Re5 Rxe5 29. Bxe5 Qe6 30. Bd4 Nd7 31. Bc3 Nc5 32. Bd4 Nd7 33. Be3 Qg6
34. Bg4 Bxg4 35. hxg4 Qxg4 36. Qd3 Qe6 37. Qb3 Qc6 38. Bd4 Nf8 39. Qd3 Ne6 40.
Be3 Qc4 41. Qxc4 dxc4 42. Bb6 Kf8 43. Kf1 Ke7 44. Ke2 Kd6 45. g3 Kd5 46. Be3 f5
47. Bd2 Nd4+ 48. Kd1 Ke4 49. Bc3 g5 50. Bb4 f4 51. Bf8 fxg3 52. fxg3 h5 0-1

[Event "Olimpiada Dresden 2008 Femenina"]
[Site "Dresden GER"]
[Date "2008.11.23"]
[Round "10.32"]
[White "Hagesaether, Ellen"]
[Black "Munoz, Carolina"]
[Result "1/2-1/2"]
[WhiteElo "2239"]
[BlackElo "2026"]
[PlyCount "111"]
[EventDate "2008.11.13"]
[EventType "team-swiss"]
[EventRounds "11"]
[EventCountry "GER"]
[Source "lmi"]
[SourceDate "2008.11.13"]
[WhiteTeam "Noruega"]
[BlackTeam "Costa Rica"]
[WhiteTeamCountry "NOR"]
[BlackTeamCountry "CRI"]

1. e4 c5 2. d3 Nc6 3. g3 g6 4. Bg2 Bg7 5. f4 d6 6. Nf3 e6 7. O-O Nge7 8. Nc3
O-O 9. Be3 Nd4 10. e5 Nef5 11. Bf2 Nxf3+ 12. Qxf3 Nd4 13. Qd1 dxe5 14. fxe5
Bxe5 15. Ne4 f5 16. Nxc5 Qc7 17. b4 f4 18. gxf4 Rxf4 19. c3 Nf5 20. d4 Bf6 21.
Nd3 Rxf2 22. Nxf2 Qxc3 23. Rc1 Qxb4 24. Qe2 Nxd4 25. Qe4 Nc6 26. Rc4 Qe7 27.
Ng4 Bg7 28. Kh1 e5 29. Ne3 Be6 30. Nd5 Qd8 31. Rd1 Bf5 32. Qe1 Rc8 33. a4 Nd4
34. Rxc8 Bxc8 35. Qb4 Bf8 36. Qb2 b6 37. Re1 Qd6 38. Qf2 Bg7 39. Ne3 Be6 40.
Rc1 Bh6 41. Qf6 Bf8 42. Rf1 Bb3 43. Qf2 Bg7 44. Rc1 Be6 45. Be4 Qf8 46. Qxf8+
Bxf8 47. Rc7 a5 48. Nd5 Bxd5 49. Bxd5+ Kh8 50. Kg2 b5 51. axb5 Nxb5 52. Rc8 Kg7
53. Ra8 Bb4 54. Kf3 Nc3 55. Ra7+ Kf6 56. Bc6 1/2-1/2

[Event "Olimpiada Dresden 2008 Femenina"]
[Site "Dresden GER"]
[Date "2008.11.23"]
[Round "10.32"]
[White "Da Bosco, Carla"]
[Black "Sahl, Sheila Barth"]
[Result "0-1"]
[WhiteElo "1966"]
[BlackElo "2219"]
[PlyCount "74"]
[EventDate "2008.11.13"]
[EventType "team-swiss"]
[EventRounds "11"]
[EventCountry "GER"]
[Source "lmi"]
[SourceDate "2008.11.13"]
[WhiteTeam "Costa Rica"]
[BlackTeam "Noruega"]
[WhiteTeamCountry "CRI"]
[BlackTeamCountry "NOR"]

1. d4 d5 2. c4 c6 3. cxd5 cxd5 4. Nc3 e5 5. Nf3 e4 6. Nd2 Nc6 7. e3 Nf6 8. f3
exf3 9. Nxf3 Bd6 10. Bd3 O-O 11. O-O Re8 12. h3 a6 13. Bd2 Bc7 14. Rc1 Ne4 15.
Ne2 Qd6 16. Bb1 h6 17. a3 Rb8 18. Qc2 Bf5 19. Bb4 Qd7 20. Qb3 g5 21. Nc3 Nxc3
22. Qxc3 Bxb1 23. Rxb1 a5 24. Bc5 b6 25. Rbc1 bxc5 26. Qxc5 Re6 27. b4 axb4 28.
axb4 Bb6 29. Qc3 f6 30. b5 Ne7 31. Qb3 Bd8 32. Rc5 Kg7 33. h4 Bb6 34. Rc2 Bc7
35. Rfc1 Bg3 36. hxg5 hxg5 37. Rc5 Reb6 0-1

[Event "Olimpiada Dresden 2008 Femenina"]
[Site "Dresden GER"]
[Date "2008.11.23"]
[Round "10.32"]
[White "Bjerke, Silje"]
[Black "Trejos PÃ©rez, Shirley Patricia"]
[Result "1-0"]
[WhiteElo "2204"]
[BlackElo "2052"]
[PlyCount "109"]
[EventDate "2008.11.13"]
[EventType "team-swiss"]
[EventRounds "11"]
[EventCountry "GER"]
[Source "lmi"]
[SourceDate "2008.11.13"]
[WhiteTeam "Noruega"]
[BlackTeam "Costa Rica"]
[WhiteTeamCountry "NOR"]
[BlackTeamCountry "CRI"]

1. e4 c5 2. Nf3 d6 3. d4 cxd4 4. Nxd4 Nf6 5. Nc3 g6 6. Bc4 Bg7 7. h3 Nc6 8. Be3
Bd7 9. O-O Qc8 10. Bb3 O-O 11. Nd5 Nxd5 12. exd5 Ne5 13. Qe2 Be8 14. c3 Nd7 15.
Rad1 Nc5 16. Bc2 Bd7 17. Bg5 Re8 18. Rfe1 e6 19. dxe6 Nxe6 20. Nxe6 Rxe6 21.
Qd2 Bc6 22. Rxe6 Qxe6 23. Qxd6 Qxd6 24. Rxd6 Re8 25. Rd8 Rxd8 26. Bxd8 Bd5 27.
a4 Bh6 28. Bf6 Kf8 29. Bd4 a6 30. f3 Ke7 31. Be4 Kd6 32. Kf2 Bc1 33. Bxd5 Kxd5
34. b3 b5 35. axb5 axb5 36. Ke2 b4 37. Be3 Ba3 38. c4+ Kc6 39. Kd3 Bb2 40. Bd4
Bc1 41. Ke4 Bh6 42. Bf6 Bf8 43. g4 Kd6 44. Bd8 Kc5 45. f4 Kd6 46. f5 Kd7 47.
Bf6 Kc6 48. fxg6 fxg6 49. Ke5 Kd7 50. Kd5 Bd6 51. c5 Bf4 52. Be5 Be3 53. c6+
Kc8 54. Kc4 Bd2 55. Bd6 1-0

[Event "Olimpiada Dresden 2008 Femenina"]
[Site "Dresden GER"]
[Date "2008.11.23"]
[Round "10.34"]
[White "Mezioud, Amina"]
[Black "Perez, Eneida"]
[Result "1/2-1/2"]
[WhiteElo "2028"]
[BlackElo "2097"]
[PlyCount "70"]
[EventDate "2008.11.13"]
[EventType "team-swiss"]
[EventRounds "11"]
[EventCountry "GER"]
[Source "lmi"]
[SourceDate "2008.11.13"]
[WhiteTeam "Argelia"]
[BlackTeam "República Dominicana"]
[WhiteTeamCountry "ALG"]
[BlackTeamCountry "DOM"]

1. e4 e5 2. Bc4 Nf6 3. d3 d5 4. exd5 Nxd5 5. Nf3 Nc6 6. Ng5 f6 7. Ne4 Be6 8. c3
Qd7 9. b4 Be7 10. O-O O-O 11. a4 Rad8 12. Qb3 Bf7 13. Na3 Nb6 14. Bxf7+ Rxf7
15. Rd1 Qg4 16. f3 Qg6 17. Nc4 f5 18. Nf2 e4 19. fxe4 fxe4 20. Nxb6 axb6 21.
dxe4 Rxd1+ 22. Qxd1 Bh4 23. Be3 Bxf2+ 24. Bxf2 Qxe4 25. Qe1 Qf5 26. Bg3 Re7 27.
Qf2 Qxf2+ 28. Kxf2 Ne5 29. Rd1 Ng6 30. Rd8+ Kf7 31. Rc8 c6 32. Bc7 b5 33. axb5
cxb5 34. Bg3 Ke6 35. Rc5 Rf7+ 1/2-1/2

[Event "Olimpiada Dresden 2008 Femenina"]
[Site "Dresden GER"]
[Date "2008.11.23"]
[Round "10.34"]
[White "De la Cruz, Mercedes"]
[Black "Hamza, Amira"]
[Result "1/2-1/2"]
[WhiteElo "2045"]
[BlackElo "1880"]
[PlyCount "84"]
[EventDate "2008.11.13"]
[EventType "team-swiss"]
[EventRounds "11"]
[EventCountry "GER"]
[Source "lmi"]
[SourceDate "2008.11.13"]
[WhiteTeam "República Dominicana"]
[BlackTeam "Argelia"]
[WhiteTeamCountry "DOM"]
[BlackTeamCountry "ALG"]

1. e4 e6 2. d3 d5 3. Nd2 Nf6 4. Ngf3 b6 5. c3 Bb7 6. Qc2 c5 7. Be2 Nbd7 8. O-O
Qc7 9. Re1 Bd6 10. Bf1 Ne5 11. Nxe5 Bxe5 12. g3 dxe4 13. dxe4 Ng4 14. Bg2 O-O-O
15. a4 Ba6 16. Bf1 Bxf1 17. Rxf1 c4 18. Nf3 h5 19. h3 Nh6 20. Nxe5 Qxe5 21. Bf4
Qc5 22. Rfd1 f6 23. Rxd8+ Rxd8 24. Rd1 Nf7 25. Rxd8+ Nxd8 26. Qd1 g6 27. Bd6
Qc6 28. Be7 Nb7 29. Bxf6 Qxe4 30. Be7 Qd5 31. Qc2 Qf5 32. Qe2 Qd5 33. Qe3 Kd7
34. Ba3 Qd1+ 35. Kh2 Qxa4 36. Qd4+ Kc8 37. Qf6 Qe8 38. Qd4 Qc6 39. Qf6 Qe4 40.
Qf8+ Kc7 41. Qe7+ Kc8 42. Qe8+ Kc7 1/2-1/2

[Event "Olimpiada Dresden 2008 Femenina"]
[Site "Dresden GER"]
[Date "2008.11.23"]
[Round "10.34"]
[White "Latreche, Sabrina"]
[Black "Jose Polanco, Kenia"]
[Result "1/2-1/2"]
[WhiteElo "2015"]
[BlackElo "2028"]
[PlyCount "78"]
[EventDate "2008.11.13"]
[EventType "team-swiss"]
[EventRounds "11"]
[EventCountry "GER"]
[Source "lmi"]
[SourceDate "2008.11.13"]
[WhiteTeam "Argelia"]
[BlackTeam "República Dominicana"]
[WhiteTeamCountry "ALG"]
[BlackTeamCountry "DOM"]

1. e4 d5 2. exd5 Qxd5 3. Nc3 Qa5 4. Nf3 Bg4 5. Be2 Nf6 6. d4 c6 7. Ne5 Bxe2 8.
Qxe2 e6 9. O-O Be7 10. Re1 O-O 11. Ne4 Nbd7 12. Bg5 Rae8 13. Bxf6 Nxf6 14.
Nxf6+ Bxf6 15. Nd7 Bxd4 16. c3 Bb6 17. Nxf8 Rxf8 18. Red1 Rd8 19. Rxd8+ Bxd8
20. Rd1 Bb6 21. a3 Qf5 22. Rd2 h6 23. c4 e5 24. b4 Bd4 25. g3 g5 26. g4 Qf4 27.
Kg2 Kg7 28. h3 Qf6 29. Qe4 Qe6 30. Qd3 Qf6 31. Qe4 Qe6 32. Rc2 Qe7 33. Rd2 Qe6
34. Rc2 Qe7 35. Re2 Qe6 36. Qd3 Qf6 37. Qf3 Qe6 38. c5 Qc4 39. Re1 Qa2 1/2-1/2

[Event "Olimpiada Dresden 2008 Femenina"]
[Site "Dresden GER"]
[Date "2008.11.23"]
[Round "10.35"]
[White "Saleh, Nora Mohd"]
[Black "Zepeda, Lorena"]
[Result "0-1"]
[WhiteElo "1876"]
[BlackElo "2159"]
[PlyCount "102"]
[EventDate "2008.11.13"]
[EventType "team-swiss"]
[EventRounds "11"]
[EventCountry "GER"]
[Source "lmi"]
[SourceDate "2008.11.13"]
[WhiteTeam "Emiratos Arabes Unidos"]
[BlackTeam "El Salvador"]
[WhiteTeamCountry "UAE"]
[BlackTeamCountry "ESA"]

1. d4 Nf6 2. c4 e6 3. Nc3 Bb4 4. Qc2 O-O 5. Nf3 c5 6. a3 Bxc3+ 7. bxc3 b6 8. e3
Bb7 9. Bd3 d6 10. O-O Bxf3 11. gxf3 Nc6 12. Kh1 e5 13. Bb2 h6 14. Rg1 Nh5 15.
d5 Ne7 16. Be2 f5 17. f4 Nf6 18. fxe5 dxe5 19. f3 Ne8 20. Rg2 Nd6 21. a4 Kh8
22. Rag1 Rg8 23. Qd1 g5 24. Bc1 Ng6 25. Bd2 Nh4 26. Rg3 e4 27. f4 g4 28. Be1
Nf3 29. Rf1 h5 30. Qa1 Rb8 31. Qa3 Qc7 32. Qa2 Ne8 33. Bd2 Nf6 34. Rd1 h4 35.
Rg2 Nh5 36. Bxf3 exf3 37. Rf2 Qg7 38. Bc1 Nf6 39. Qc2 Ne4 40. Rff1 Qh6 41. d6
Ng3+ 42. Kg1 Nxf1 43. Rxf1 Qg6 44. Qf2 Qf6 45. Re1 Rge8 46. Kh1 Rbd8 47. h3
Rxd6 48. hxg4 fxg4 49. e4 Rd3 50. e5 g3 51. Qc2 Qf5 0-1

[Event "Olimpiada Dresden 2008 Femenina"]
[Site "Dresden GER"]
[Date "2008.11.23"]
[Round "10.35"]
[White "Zepeda, Sonia"]
[Black "Bukhashem, Fayeqa S"]
[Result "1-0"]
[WhiteElo "2118"]
[BlackElo "1740"]
[PlyCount "57"]
[EventDate "2008.11.13"]
[EventType "team-swiss"]
[EventRounds "11"]
[EventCountry "GER"]
[Source "lmi"]
[SourceDate "2008.11.13"]
[WhiteTeam "El Salvador"]
[BlackTeam "Emiratos Arabes Unidos"]
[WhiteTeamCountry "ESA"]
[BlackTeamCountry "UAE"]

1. e4 c5 2. Nf3 d6 3. d4 cxd4 4. Nxd4 Nf6 5. Nc3 a6 6. Be3 e5 7. Nb3 Be6 8. Qd2
Be7 9. O-O-O Nbd7 10. Kb1 b5 11. f4 Rc8 12. h3 Bc4 13. g4 b4 14. Nd5 Bxd5 15.
exd5 a5 16. Bb5 Kf8 17. g5 Ne4 18. Qg2 Nec5 19. fxe5 Nxe5 20. Nxc5 dxc5 21. d6
Bxd6 22. Qd5 Ke7 23. Bf4 f6 24. Rhe1 Qc7 25. Bc4 Kf8 26. gxf6 gxf6 27. Bh6+ Ke8
28. Qe6+ Be7 29. Rxe5 1-0

[Event "Olimpiada Dresden 2008 Femenina"]
[Site "Dresden GER"]
[Date "2008.11.23"]
[Round "10.35"]
[White "Essa, Kulood"]
[Black "Castaneda, Ada"]
[Result "1/2-1/2"]
[WhiteElo "1821"]
[BlackElo "2068"]
[PlyCount "65"]
[EventDate "2008.11.13"]
[EventType "team-swiss"]
[EventRounds "11"]
[EventCountry "GER"]
[Source "lmi"]
[SourceDate "2008.11.13"]
[WhiteTeam "Emiratos Arabes Unidos"]
[BlackTeam "El Salvador"]
[WhiteTeamCountry "UAE"]
[BlackTeamCountry "ESA"]

1. e4 d6 2. d4 g6 3. Nf3 Bg7 4. c3 e6 5. Bd3 b6 6. O-O Ne7 7. Bg5 h6 8. Be3 Bb7
9. Re1 Nd7 10. h3 a6 11. a4 d5 12. e5 c5 13. b4 cxb4 14. cxb4 Nc6 15. Qb3 O-O
16. Na3 Qe7 17. b5 Na5 18. Qb2 Rfc8 19. Rec1 Bf8 20. bxa6 Rxc1+ 21. Bxc1 Bxa6
22. Bxa6 Rxa6 23. Bd2 Ra8 24. Bxa5 Rxa5 25. Nb5 Qb4 26. Qxb4 Bxb4 27. Kf1 Kf8
28. Ke2 Ke7 29. g4 Nb8 30. Ne1 Kd7 31. f4 Nc6 32. Nf3 Ra8 33. Kd3 1/2-1/2

[Event "Olimpiada Dresden 2008 Femenina"]
[Site "Dresden GER"]
[Date "2008.11.23"]
[Round "10.35"]
[White "Sanchez, Ingrid"]
[Black "Salem, Amna"]
[Result "1-0"]
[WhiteElo "1964"]
[BlackElo "1779"]
[PlyCount "71"]
[EventDate "2008.11.13"]
[EventType "team-swiss"]
[EventRounds "11"]
[EventCountry "GER"]
[Source "lmi"]
[SourceDate "2008.11.13"]
[WhiteTeam "El Salvador"]
[BlackTeam "Emiratos Arabes Unidos"]
[WhiteTeamCountry "ESA"]
[BlackTeamCountry "UAE"]

1. e4 e6 2. d4 d5 3. e5 c5 4. c3 Nc6 5. Nf3 Qb6 6. Be2 Nh6 7. O-O Nf5 8. dxc5
Bxc5 9. b4 Be7 10. a4 a6 11. Na3 Bd7 12. Nc2 O-O 13. Ne3 Rfd8 14. Nxf5 exf5 15.
Be3 Qc7 16. a5 Re8 17. Bb6 Qb8 18. Qxd5 Be6 19. Qd2 Nxe5 20. Nd4 Nc4 21. Bxc4
Bxc4 22. Rfe1 g6 23. Re3 Bd6 24. Rxe8+ Qxe8 25. Nxf5 Bf8 26. Re1 Be6 27. Bd4
Rd8 28. Re4 Qa4 29. Ng3 Qd7 30. h3 f5 31. Re1 Bc4 32. Qg5 Bxb4 33. Nxf5 Bf8 34.
Ne7+ Bxe7 35. Rxe7 Qf5 36. Rg7+ 1-0

[Event "Olimpiada Dresden 2008 Femenina"]
[Site "Dresden GER"]
[Date "2008.11.23"]
[Round "10.36"]
[White "Basta-Sohair, F."]
[Black "Chaves, Joara"]
[Result "0-1"]
[WhiteElo "2051"]
[BlackElo "2065"]
[PlyCount "66"]
[EventDate "2008.11.13"]
[EventType "team-swiss"]
[EventRounds "11"]
[EventCountry "GER"]
[Source "lmi"]
[SourceDate "2008.11.13"]
[WhiteTeam "Egipto"]
[BlackTeam "Brasil"]
[WhiteTeamCountry "EGY"]
[BlackTeamCountry "BRA"]

1. d4 Nf6 2. c4 g6 3. Nc3 Bg7 4. e4 d6 5. Nf3 O-O 6. Be2 e5 7. Be3 Nc6 8. d5
Ne7 9. O-O Ng4 10. Bg5 f6 11. Bh4 Nh6 12. Nd2 f5 13. f3 f4 14. b4 Rf7 15. c5
Bf8 16. Rc1 Rg7 17. cxd6 cxd6 18. Nc4 g5 19. Bf2 g4 20. Bh4 Qd7 21. Bxe7 Qxe7
22. fxg4 Nxg4 23. Qe1 Qg5 24. Bf3 Be7 25. h3 Nf6 26. Kh2 Qh6 27. Nb5 Bxh3 28.
gxh3 Rg3 29. Bg2 Ng4+ 30. Kg1 Qxh3 31. Rf2 f3 32. Ne3 Nxe3 33. Qxe3 Rxg2+ 0-1

[Event "Olimpiada Dresden 2008 Femenina"]
[Site "Dresden GER"]
[Date "2008.11.23"]
[Round "10.36"]
[White "Gazola, Vanessa Ramos"]
[Black "Mona, Khaled"]
[Result "0-1"]
[WhiteElo "1973"]
[BlackElo "1967"]
[PlyCount "56"]
[EventDate "2008.11.13"]
[EventType "team-swiss"]
[EventRounds "11"]
[EventCountry "GER"]
[Source "lmi"]
[SourceDate "2008.11.13"]
[WhiteTeam "Brasil"]
[BlackTeam "Egipto"]
[WhiteTeamCountry "BRA"]
[BlackTeamCountry "EGY"]

1. d4 d5 2. c4 e6 3. Nc3 c6 4. Bf4 dxc4 5. a4 Bb4 6. e3 b5 7. Qf3 Qa5 8. Nge2
Nf6 9. Bxb8 Rxb8 10. Qg3 Nd7 11. Qxg7 Rf8 12. f3 Bxc3+ 13. Nxc3 Qb4 14. Ra2 Qb3
15. axb5 cxb5 16. Rxa7 b4 17. Ne4 Qxe3+ 18. Be2 c3 19. Qg5 Qxd4 20. Rxd7 Kxd7
21. Bb5+ Kc7 22. Qe7+ Bd7 23. Bxd7 Qxd7 24. Qc5+ Kb7 25. Qxf8 Rxf8 26. Nc5+ Kc7
27. Nxd7 Ra8 28. O-O cxb2 0-1

[Event "Olimpiada Dresden 2008 Femenina"]
[Site "Dresden GER"]
[Date "2008.11.23"]
[Round "10.36"]
[White "Alaa El Din, Yosra"]
[Black "Coelho, Tatiane Cristina"]
[Result "1/2-1/2"]
[WhiteElo "1949"]
[BlackElo "1820"]
[PlyCount "85"]
[EventDate "2008.11.13"]
[EventType "team-swiss"]
[EventRounds "11"]
[EventCountry "GER"]
[Source "lmi"]
[SourceDate "2008.11.13"]
[WhiteTeam "Egipto"]
[BlackTeam "Brasil"]
[WhiteTeamCountry "EGY"]
[BlackTeamCountry "BRA"]

1. e4 d5 2. exd5 Nf6 3. Nc3 Nxd5 4. Bb5+ c6 5. Be2 Nxc3 6. bxc3 g6 7. Nf3 Bg7
8. O-O O-O 9. d4 Nd7 10. Bg5 Re8 11. Qd2 Qa5 12. Bc4 Nb6 13. Bb3 Bg4 14. Qf4
Qf5 15. Qxf5 Bxf5 16. Rfe1 Kf8 17. Bd2 Rad8 18. Be3 h6 19. h3 Nd5 20. Bd2 Nc7
21. Be3 Nb5 22. Bd2 Nc7 23. Ne5 Bxe5 24. Rxe5 Kg7 25. g4 Be6 26. Rae1 Bxb3 27.
cxb3 e6 28. R1e2 Rd5 29. Rxd5 Nxd5 30. c4 Nb6 31. Bc3 f6 32. a4 Kf7 33. f4 f5
34. Rd2 Nd7 35. g5 hxg5 36. fxg5 Rh8 37. Kh2 Rh5 38. Rg2 Nf8 39. Be1 Nd7 40. h4
e5 41. dxe5 Nxe5 42. Kg3 Nd3 43. Re2 1/2-1/2

[Event "Olimpiada Dresden 2008 Femenina"]
[Site "Dresden GER"]
[Date "2008.11.23"]
[Round "10.37"]
[White "Algildah, Nibal"]
[Black "Umarova, Shahnoza"]
[Result "1/2-1/2"]
[WhiteElo "1951"]
[BlackElo "1836"]
[PlyCount "106"]
[EventDate "2008.11.13"]
[EventType "team-swiss"]
[EventRounds "11"]
[EventCountry "GER"]
[Source "lmi"]
[SourceDate "2008.11.13"]
[WhiteTeam "Siria"]
[BlackTeam "Tayikistán"]
[WhiteTeamCountry "SYR"]
[BlackTeamCountry "TJK"]

1. e4 c6 2. Nc3 d5 3. Nf3 dxe4 4. Nxe4 Nf6 5. Ng3 Bg4 6. Bc4 e6 7. h3 Bxf3 8.
Qxf3 Nbd7 9. Qe2 Bd6 10. Nf5 Ne5 11. Nxd6+ Qxd6 12. Bb3 O-O 13. d3 c5 14. O-O
Nc6 15. c3 Rad8 16. Bc2 Nd5 17. Qg4 Ne5 18. Qg3 Ng6 19. f4 b5 20. Qf2 h5 21. a3
Nf6 22. Be3 Rc8 23. d4 c4 24. f5 exf5 25. Bxf5 Rc6 26. Rad1 Nd5 27. Bg5 Nde7
28. Be4 Rcc8 29. Rde1 f5 30. Bf3 f4 31. Bxe7 Nxe7 32. Bxh5 Nd5 33. Bg4 Rce8 34.
Rxe8 Rxe8 35. Qf3 Re3 36. Qf2 a5 37. Qh4 Qf6 38. Qxf6 gxf6 39. Bf3 Nxc3 40.
bxc3 Rxc3 41. Bc6 b4 42. axb4 axb4 43. Rxf4 Kg7 44. d5 b3 45. d6 Rd3 46. d7 b2
47. Rf1 c3 48. Ba4 Rxd7 49. Kh2 Rd2 50. Kg3 c2 51. Bxc2 Rxc2 52. Rb1 Kg6 53. h4
Kh5 1/2-1/2

[Event "Olimpiada Dresden 2008 Femenina"]
[Site "Dresden GER"]
[Date "2008.11.23"]
[Round "10.38"]
[White "Wijesuriya, G V."]
[Black "Shabanaj, Eglantina"]
[Result "1/2-1/2"]
[WhiteElo "1937"]
[BlackElo "2093"]
[PlyCount "80"]
[EventDate "2008.11.13"]
[EventType "team-swiss"]
[EventRounds "11"]
[EventCountry "GER"]
[Source "lmi"]
[SourceDate "2008.11.13"]
[WhiteTeam "Sri Lanka"]
[BlackTeam "Albania"]
[WhiteTeamCountry "SRI"]
[BlackTeamCountry "ALB"]

1. e4 e6 2. d4 d5 3. Nd2 Nf6 4. e5 Nfd7 5. Bd3 c5 6. c3 Nc6 7. Ne2 Qb6 8. Nf3
Be7 9. O-O a5 10. a4 Nf8 11. Ng3 Bd7 12. Bb1 O-O-O 13. Qc2 h6 14. Be3 Kb8 15.
Ba2 Rc8 16. dxc5 Bxc5 17. Bxc5 Qxc5 18. Qe2 Ng6 19. Nh5 Rhg8 20. Bb1 d4 21.
cxd4 Nxd4 22. Nxd4 Qxd4 23. Bxg6 fxg6 24. Rfd1 Qc4 25. Qxc4 Rxc4 26. Rxd7 gxh5
27. Re7 Rd8 28. Rxg7 Rxa4 29. Rf1 Re4 30. f4 Rd2 31. b3 Ree2 32. h3 h4 33. Ra1
b6 34. Rc1 Rb2 35. Rd1 Kc8 36. Rc1+ Kd8 37. Rg8+ Kd7 38. Rg7+ Kd8 39. Rg8+ Kd7
40. Rg7+ Kd8 1/2-1/2

[Event "Olimpiada Dresden 2008 Femenina"]
[Site "Dresden GER"]
[Date "2008.11.23"]
[Round "10.38"]
[White "Pasko, Roela"]
[Black "Walallawita, Lihini"]
[Result "1-0"]
[WhiteElo "1883"]
[BlackElo "1818"]
[PlyCount "77"]
[EventDate "2008.11.13"]
[EventType "team-swiss"]
[EventRounds "11"]
[EventCountry "GER"]
[Source "lmi"]
[SourceDate "2008.11.13"]
[WhiteTeam "Albania"]
[BlackTeam "Sri Lanka"]
[WhiteTeamCountry "ALB"]
[BlackTeamCountry "SRI"]

1. d4 Nf6 2. c4 e6 3. Nf3 b6 4. g3 Bb7 5. Bg2 Be7 6. O-O O-O 7. Nc3 d5 8. Ne5
Nbd7 9. cxd5 exd5 10. Bg5 Re8 11. e3 Ne4 12. Bxe7 Qxe7 13. Nxd7 Qxd7 14. Nxe4
dxe4 15. Rc1 Bd5 16. b3 c6 17. Rc3 Re7 18. Qe2 Rc8 19. Rfc1 g6 20. Qa6 Kg7 21.
Bf1 Qd8 22. a4 Rec7 23. a5 b5 24. Rc5 Qd7 25. b4 Kf8 26. h4 Ke7 27. Kh2 f5 28.
Be2 Kd8 29. Bxb5 cxb5 30. Qf6+ Ke8 31. Qe5+ Kd8 32. Rxd5 Rxc1 33. Qh8+ Kc7 34.
Rxd7+ Kxd7 35. Qxh7+ Kd8 36. Qxg6 Rb1 37. Qxf5 Rxb4 38. Qf8+ Kd7 39. Qxb4 1-0